MDQL
is popping MORE tags! Check the
thread
!
Quizzes
Events
Quiz Creation
Community
Videos
Private Events
Remove Ads
Sign In
Join for FREE
Feedback
Dark Mode
Quiz Categories
Sports
Geography
Music
Movies
Television
Just For Fun
Miscellaneous
History
Literature
Language
Science
Gaming
Entertainment
Religion
Holiday
For Kids
Quiz Lab
Recent
Popular Today
Quiz Kudos Today
Editor Picks
Curator Picks
Quizzes by...
Day
Popularity
Type
Ratings
Length
Year
Community
Subscriptions
Recent Discussions
Orange Saloon
Badges
Playlists
Quests
Create
Leaderboards
Showdown
Live 5
Trivia Bingo
Activity
Puzzle Library
Sporcle Events
Private Events
Virtual Trivia
Globe League
Become a Host
Pub Owners
SporcleCon
Opinionation
Our Games
Videos
Blog
Mobile Apps
Partnerships
Remove Ads and Go Orange
Feedback
Sports
Athletes
MLB
NBA
NHL
NFL
Soccer
Sports Teams
WWE
NCAA
Football
Premier League
Basketball
Baseball
Hockey
Golf
Tennis
Cricket
Rugby
Auto Racing
Olympics
World Cup
Sports
Athletes
MLB
NBA
NHL
NFL
Soccer
Sports Teams
WWE
NCAA
Football
Premier League
Basketball
Baseball
Hockey
Golf
Tennis
Cricket
Rugby
Auto Racing
Olympics
World Cup
Random Quiz
Search Sporcle
×
Quiz Lab
Quiz Lab
Sports
NBA
Type in answers that appear in a list
Type in answers that appear in a list
Classic
Best Score? Go Orange.
NBA Top Scorers By Team Since 2000 Stats
Can you name the Top 3 NBA players by team with the most points scored since 2000?
By
27packers
14m
90 Questions
4,591 Plays
4,591 Plays
4,591 Plays
Comments
Comments
Give Quiz Kudos
Give Quiz Kudos
-
- Ratings
hide this ad
More Info
Replay
Link that replays current quiz
Next Quiz
Link to next quiz in quiz playlist
You Got
0%
They Got
Avg Score
72%
Avg Friend Score
Upgrade to see
Score Distribution
Jump to the score distribution portion of the page
Score
0/90
Timer
14:00
0
Plays Today
Team
Player
% Correct
Cleveland
LeBron James
96.1%
Boston
Paul Pierce
95.7%
Boston
Kevin Garnett
95.4%
Minnesota
Kevin Garnett
95.4%
Boston
Ray Allen
93.5%
Oklahoma City/
Seattle
Ray Allen
93.5%
Los Angeles Lakers
Kobe Bryant
91.6%
Miami
Dwyane Wade
91.5%
Denver
Carmelo Anthony
91.5%
Dallas
Dirk Nowitzki
91.2%
Brooklyn/
New Jersey
Jason Kidd
89.8%
Los Angeles Lakers
Shaquille O'Neal
89.7%
Brooklyn/
New Jersey
Vince Carter
89.5%
San Antonio
Tim Duncan
89.3%
Indiana
Jermaine O'Neal
89%
Oklahoma City/
Seattle
Kevin Durant
88.8%
Philadelphia
Allen Iverson
88.7%
San Antonio
Tony Parker
88.6%
Phoenix
Steve Nash
88.1%
Atlanta
Joe Johnson
87.9%
New Orleans
Chris Paul
87.4%
Toronto
Chris Bosh
86.9%
Utah
Deron Williams
86.5%
Memphis/
Vancouver
Pau Gasol
86%
Houston
Tracy McGrady
85.8%
Orlando
Tracy McGrady
85.8%
Orlando
Dwight Howard
85.8%
San Antonio
Manu Ginobili
85.3%
Atlanta
Josh Smith
84.7%
Detroit
Chauncey Billups
84.6%
Team
Player
% Correct
Denver
J.R. Smith
84.5%
Charlotte
Gerald Wallace
84.4%
New Orleans
David West
83.9%
Phoenix
Amare Stoudemire
83.2%
Houston
Yao Ming
82%
Detroit
Richard Hamilton
81.3%
Washington
Gilbert Arenas
78.4%
Indiana
Reggie Miller
78.1%
Memphis/
Vancouver
Mike Miller
78%
New Orleans
Baron Davis
77.8%
Sacramento
Chris Webber
76.6%
Portland
LaMarcus Aldridge
75.8%
Phoenix
Shawn Marion
75.6%
Brooklyn/
New Jersey
Richard Jefferson
75.3%
Milwaukee
Michael Redd
74.3%
Los Angeles Clippers
Elton Brand
73.8%
Golden State
Monta Ellis
72%
Minnesota
Kevin Love
71.5%
Chicago
Luol Deng
70.8%
Sacramento
MIke Bibby
70.1%
Atlanta
Jason Terry
70%
Dallas
Jason Terry
70%
Detroit
Tayshaun Prince
69.8%
Portland
Brandon Roy
69.5%
Golden State
Antawn Jamison
69%
Washington
Antawn Jamison
69%
Indiana
Danny Granger
68.7%
Philadelphia
Andre Iguodala
68.6%
Sacramento
Peja Stojakovic
67.9%
Chicago
Ben Gordon
67.4%
Team
Player
% Correct
Cleveland
Zydrunas Ilgauskas
66.6%
Portland
Zach Randolph
64.9%
Miami
Udonis Haslem
63.2%
Oklahoma City/
Seattle
Rashard Lewis
62.9%
Houston
Steve Francis
62.1%
Chicago
Kirk Hinrich
60.8%
Memphis/
Vancouver
Rudy Gay
59.9%
Utah
Andrei Kirilenko
58.8%
Golden State
Jason Richardson
58.7%
Los Angeles Lakers
Lamar Odom
58.5%
New York
Stephon Marbury
58.5%
Washington
Caron Butler
58.1%
New York
Allan Houston
56.4%
Milwaukee
Brandon Jennings
55.9%
Charlotte
Emeka Okafor
55.9%
Dallas
Michael Finley
53.3%
Milwaukee
Andrew Bogut
53%
Orlando
Hedo Turkoglu
51.9%
Toronto
Andrea Bargnani
48.3%
Los Angeles Clippers
Corey Maggette
48.3%
Miami
Eddie Jones
47.9%
New York
Jamal Crawford
47.4%
Charlotte
Raymond Felton
46.7%
Utah
Mehmet Okur
43.9%
Philadelphia
Thaddeus Young
42.8%
Denver
Nene Hilario
42.6%
Cleveland
Anderson Varejao
40.3%
Los Angeles Clippers
Chris Kaman
39.8%
Minnesota
Wally Szczerbiak
37.5%
Toronto
Morris Peterson
28.4%
Quiz Playlist
Details
Report
Send in Message
Add To Playlist
More Info:
*denotes active,^denotes active with a different team *Combined seasons *Player does not have to be active
Classic:
Type in answers that appear in a list
Quiz Source
Last Updated: Feb 16, 2017
Quiz Scoreboard
CHALLENGE
Sign Up to Join the Scoreboard
Show All
Scores
Hide
Comments
May contain spoilers
Recently Published
Two Season TV Shows II
by 123Four
Television
10m
Image Sorting: Flags VI
by Barbecue
Geography
2m
Find the 'City' Movie
by crazypaving
Movies
60s
More to Explore
Quiz From the Vault
Featured Blog Post
14 Easter Pick-up Lines to Find Eggs With
hide this ad
You Might Also Like...
Tags
Basketball Quiz
NBA Quiz
2000
Player
point
Scorer
team
Top 3
Today's Top Quizzes in Sports
Browse Sports
hide this ad
Today's Top Quizzes in NBA
Browse NBA
Top Contributed Quizzes in Sports
1
Les meilleurs buteurs des matchs entre le PSG et l’OM
2
Les entraîneurs de l'OM et du PSG au 21e siècle
3
2022 World Cup Stars
4
Les joueurs passés par le PSG et l'OM
5
Players with Multiple 50 Home Run Seasons
6
FIFA Club World Cup Champions
7
Criteria MLB: Left Handed Sluggers
8
Les joueurs passés par le LOSC et le RC Lens
9
Top 10 NHL Goal Scorers of All Time
10
MLB Players with Two .350 Batting Average Seasons
Explore More
Trending Topics
NBA
Harry Potter
Anime
Marvel
Disney
Crossword
Kpop
Song
WWE
Puzzle
Pokémon
Soccer
The Office
NFL
Country
hide this ad
More By:
27packers
Quiz
Plays
Rating
Category
Featured
Created
Match the Cereals
128,667
3.94
Miscellaneous
Dec 30, 2012
NFL Starting QBs (Miami Dolphins)
50,522
4.47
Sports
Jan 13, 2013
2012 March Madness Teams (Clickable)
23,107
3.40
Sports
Mar 29, 2012
Minefield Top 40 NFL Receiving Yards 2011
17,914
3.30
Sports
Jan 24, 2012
NFL Top 50 Passers Since 2000
16,198
4.77
Sports
Jan 25, 2013
Go to Creator's Profile
Score Distribution
Quiz Creator Spotlight
27packers
Follow
Send a Message
Quizzes Created
-
Created Quiz Play Count
-
More By This Creator
Popular Quizzes Today
1
Find the US States - No Outlines Minefield
2
Colored Red Africa Blitz
3
Find the 'City' Movie
4
5x2 Blitz: Bands
5
The Countries of the World
6
Find the Countries of Europe - No Outlines Minefield
7
Find the US States
8
US States
More Sports Quizzes
Italy vs Spain Last 5 XI's
Quiz Lab
Trending Quizzes
Colored Red Europe Blitz I
Colored Red Africa Blitz II
Colored Red Europe Blitz II
Colored Red Africa Blitz III
Colored Red Europe Blitz III
Recently Updated
How Do You Spell That?
pecheneg
Godzilla Movies
pecheneg
Grab Bag: 4-10 Letters
pecheneg
2024 March Madness Bracket
pecheneg
Famous TV Couples
Peacemaker
Champions League XIs: Real Madrid
pecheneg
Largest US Cities 1790-2010
pecheneg
Rides in Walt Disney World
pecheneg
Most Oscar Losses (Acting)
pecheneg
Beyoncé Albums
pecheneg
Trending Topics
Marvel
Disney
Harry Potter
NBA
Anime
Kpop
Crossword
Soccer
Pokémon
Puzzle
Country
WWE
NFL
Song
The Office
Your Account Isn't Verified!
In order to create a playlist on Sporcle, you need to verify the email address you used during registration. Go to your
Sporcle Settings
to finish the process.
Report this User
Report this user for behavior that violates our
Community Guidelines
.
Details:
Send Report
Go to the Sporcle.com Mobile Site →
Comments